WWE Royal Rumble 2026 Entrants Quiz (Women's match) - Statistics

General Stats
  • This quiz has been taken 195 times
  • The average score is 24 of 30
Answer Stats
Answer % Correct
Charlotte Flair
99%
Alexa Bliss
98%
Liv Morgan
98%
Nia Jax
94%
Tiffany Stratton
93%
Asuka
91%
Iyo Sky
91%
Sol Ruca
91%
Brie Bella
90%
Nikki Bella
90%
Becky Lynch
88%
Raquel Rodriguez
88%
Rhea Ripley
88%
Roxanne Perez
88%
Lash Legend
87%
Kairi Sane
85%
Bayley
83%
Nattie
79%
Kiana James
78%
Maxxine Dupri
78%
Lyra Valkyria
74%
Jordynne Grace
73%
Chelsea Green
71%
Giulia
67%
Jacy Jane
63%
Ivy Nile
59%
Candice Lerae
57%
Kelani Jordan
56%
Lola Vice
52%
Zelina Vega
52%
No matching quizzes found
Score Distribution
Percent of People with Each Score
Percentile by Number Answered
Your Score History
You have not taken this quiz